| 000 -LEADER |
| fixed length control field |
01395nam a22003857a 4500 |
| 001 - CONTROL NUMBER |
| control field |
1213651 |
| 003 - CONTROL NUMBER IDENTIFIER |
| control field |
OSt |
| 005 - DATE AND TIME OF LATEST TRANSACTION |
| control field |
20210420080623.0 |
| 008 - FIXED-LENGTH DATA ELEMENTS--GENERAL INFORMATION |
| fixed length control field |
990407s1999 cau 001 0 eng |
| 010 ## - LIBRARY OF CONGRESS CONTROL NUMBER |
| LC control number |
99027665 |
| 020 ## - INTERNATIONAL STANDARD BOOK NUMBER |
| International Standard Book Number |
0062515861 (cloth) |
| 020 ## - INTERNATIONAL STANDARD BOOK NUMBER |
| International Standard Book Number |
006251587X (paper) |
| 040 ## - CATALOGING SOURCE |
| Original cataloging agency |
eng |
| Transcribing agency |
DLC |
| Modifying agency |
eng |
| 041 ## - LANGUAGE CODE |
| Language code of text/sound track or separate title |
eng |
| 050 00 - LIBRARY OF CONGRESS CALL NUMBER |
| Classification number |
TK5105.888 |
| Item number |
.B46 1999 |
| 080 ## - UNIVERSAL DECIMAL CLASSIFICATION NUMBER |
| Universal Decimal Classification number |
681.1 |
| Item number |
B-49 |
| 082 00 - DEWEY DECIMAL CLASSIFICATION NUMBER |
| Classification number |
025.04 |
| Edition number |
21 |
| 100 2# - MAIN ENTRY--PERSONAL NAME |
| Personal name |
Berners-Lee, Tim. |
| 245 10 - TITLE STATEMENT |
| Title |
Weaving the Web : |
| Remainder of title |
the original design and ultimate destiny of the World Wide Web by its inventor / |
| Statement of responsibility, etc. |
Tim Berners-Lee with Mark Fischetti. |
| 250 ## - EDITION STATEMENT |
| Edition statement |
1st ed. |
| 260 ## - PUBLICATION, DISTRIBUTION, ETC. |
| Place of publication, distribution, etc. |
San Francisco : |
| Name of publisher, distributor, etc. |
HarperSanFrancisco, |
| Date of publication, distribution, etc. |
c1999. |
| 300 ## - PHYSICAL DESCRIPTION |
| Extent |
xi, 226 p. ; |
| Dimensions |
25 cm. |
| 365 ## - TRADE PRICE |
| Price amount |
26 usd |
| 500 ## - GENERAL NOTE |
| General note |
Includes index. |
| 600 20 - SUBJECT ADDED ENTRY--PERSONAL NAME |
| Personal name |
Berners-Lee, Tim. |
| 650 #0 - SUBJECT ADDED ENTRY--TOPICAL TERM |
| Topical term or geographic name entry element |
World Wide Web |
| General subdivision |
History. |
| 650 #0 - SUBJECT ADDED ENTRY--TOPICAL TERM |
| Topical term or geographic name entry element |
Internet |
| 9 (RLIN) |
459 |
| 653 ## - INDEX TERM--UNCONTROLLED |
| Uncontrolled term |
ინტერნეტი |
| 700 1# - ADDED ENTRY--PERSONAL NAME |
| Personal name |
Fischetti, Mark. |
| 856 42 - ELECTRONIC LOCATION AND ACCESS |
| Materials specified |
Publisher description |
| Uniform Resource Identifier |
<a href="http://www.loc.gov/catdir/description/hc044/99027665.html">http://www.loc.gov/catdir/description/hc044/99027665.html</a> |
| 906 ## - LOCAL DATA ELEMENT F, LDF (RLIN) |
| a |
7 |
| b |
cbc |
| c |
orignew |
| d |
1 |
| e |
ocip |
| f |
19 |
| g |
y-gencatlg |
| 942 ## - ADDED ENTRY ELEMENTS (KOHA) |
| Source of classification or shelving scheme |
|
| Koha item type |
Books |
| Edition |
1 |